000 00303nam a22001457a 4500
008 210602b ||||| |||| 00| 0 eng d
020 _a9780534651770
041 _aeng
080 _a573
082 _a573
100 _a11
101 _aBIO
245 _aBiology
_cEldra P. Solomon
942 _2udc
_cBK
999 _c57899
_d57899